Parc a taula : edició 2010 - 2011 edició 2010 - 2011
Publicado:
Barcelona :
Diputació de Barcelona, Àrea d'Espais Naturals, Xarxa de Parcs Naturals ,
2010
Descripción Física:
87 p. : il. col. ; 21 cm
MARC
| LEADER | 00000nam a2200000Ia 4500 | ||
|---|---|---|---|
| 001 | 22658 | ||
| 008 | 160829s2010 xx 000 0 cat d | ||
| 080 | |a C-3-299 | ||
| 245 | |a Parc a taula : |b edició 2010 - 2011 | ||
| 260 | |a Barcelona : |b Diputació de Barcelona, Àrea d'Espais Naturals, Xarxa de Parcs Naturals, |c 2010 | ||
| 300 | |a 87 p. : |b il. col. ; |c 21 cm | ||
| 590 | |a Aquest llibre s'ha confeccionat dins el programa 'Viu el parc'. | ||
| 590 | |a Presentació escrita en català, castellà, francès anglès i italià | ||
| 650 | 0 | |a Turisme gastronòmic |9 44953 | |
| 650 | 0 | |a Parcs Naturals |z Barcelona (Catalunya : Província) |9 49557 | |
| 710 | 1 | |a Barcelona (Catalunya : Província). |b Xarxa de Parcs Naturals |9 7250 | |
| 710 | |a Barcelona (Catalunya : Província). |b Servei de Parcs Naturals |9 53492 | ||
| 901 | |a Arxiu | ||
| 942 | |n 1 | ||
| 952 | |0 0 |1 0 |4 0 |6 C3299 |7 1 |9 52269 |a Arxiu |b Arxiu |d 2016-12-01 |l 0 |o C-3-299 |p 22658 |r 2016-12-01 00:00:00 |w 2016-12-01 |y ARXIU | ||
| 999 | |c 56117 |d 56117 | ||